00386nam a22001217a 4500003000400000005001700004008004100021020001800062040001000080100005900090245007200149260004300221OSt20241121104436.0241121s2012 ag ||||| |||| 00| 0 spa d a9789500115223 cbesoc aGiussani, LauraeCoordinadora del área de literatura aCuentos de AventurabPara vivir una y mil historiascLaura Giussani aBuenos Aires:bEditorial Estradac2012